000 00492nam a2200169Ia 4500
005 20250508151531.0
008 008 250505s9999 xx 000 0 eng d
037 _aTextual
040 _aFEDL
_beng
_cFEDL
041 _aeng
_2eng
084 _a309.154, IND
_qFEDL
245 0 _aSeventh year of freedom Aug. 1953 - Aug. 1954
260 _aNew Delhi, India
_bAll India Congress Committee
300 _axvi,372p.
942 _cTEXL
_h309.154, IND
999 _c1330420
_d1330420